000 00515nam a2200181Ia 4500
001 16657
005 20260306170326.0
008 260306t2012||||xx |||||||||||||| ||und||
041 _aESP
082 _a349.1
_bC243
100 _aI Jornadas de Derecho Romano
_eAUT
245 0 _aCiencia jurídica y humanismo:
_ben homenaje a Álvaro D´Ors: facultad de Derecho de la Universidad de Piura
260 _c2012
300 _a202 páginas :
_c24 cm.
650 _aGEN
654 _aCDE
942 _cLIB
_dJUS
_fJUS
_2ddc
_n
999 _c16657
_d16657